| 000 | 01239nam0a2200301 i 4500 | ||
|---|---|---|---|
| 001 | RU\NLR\BIBL_A\010981149 | ||
| 005 | 20260517063411.0 | ||
| 010 |
_a9785906192493 _91000 |
||
| 021 |
_aRU _b2016-6041 _9383 |
||
| 035 | _a(NILC)RuMoRGB-008128986 | ||
| 035 | _a(NLR Aleph) 010981149 | ||
| 090 |
_a10873113 _c10873113 |
||
| 100 | _a20160215d2015 km y0rusy50 ca | ||
| 101 | 0 | _arus | |
| 102 | _aRU | ||
| 105 | _aac z 000gy | ||
| 200 | 1 |
_aРусский Парсифаль _e[поэтический сборник] _e15 мая - 23 июня 2015 года, Бельмонте _fБлаженный Иоанн |
|
| 210 |
_aМосква _cМир Софии _d2015 |
||
| 215 |
_a340 с., [1] л. цв. портр. _cил. _d25 |
||
| 327 | 1 | _aСодерж.: циклы: В добрых мирах ; Русский Парсифаль ; Земли белый кораблик | |
| 686 | 2 | _aШ6(2=Р)8-5 | |
| 700 | 1 |
_7ca _8rus _aБереславский _bВ. Я. _cэзотерик, контактер, писатель _f1946- _gВениамин Яковлевич _9160270 _3RU\NLR\AUTH\770160311 |
|
| 801 | 0 |
_aRU _bРГБ _c20160129 _gRCR |
|
| 942 | _cBOOK | ||
| 980 | _aNBR | ||